• 首页
  • 本馆介绍
  • 公告通知
  • 最新文献
  • 馆藏检索
  • 电子资源
  • 读者导购
  • 参考咨询
  • 我的图书馆
  • 登录
  • 详细信息显示
  • 放入我的书架
  • 预约/预借图书
  • 作者相关作品
  • 分类相关作品
  • 丛书相关作品
  • 出版社相关作品

书目信息

  • 表格格式
  • 工作单格式
  • 卡片格式
题名:
金钱哲学366
    
 
作者: 凯 著 ;朱乃长 译
分册:  
出版信息: 天津   天津人民出版社  1997
页数: 366页
开本: 20cm
丛书名:
单 册:
中图分类: C913.9
科图分类:
主题词: 社会生活 , 社会问题
电子资源:
ISBN: 7-201-02954-1
000 00641nam0 2200229 45
001 0197042046
005 20050607154539.6
010    @a7-201-02954-1@dCNY22.80
100    @a19971202d1997 em y0chiy0121 ea
101 1  @achi@ceng
102    @aCN@b120000
105    @ay z 000yy
200 10 @a金钱哲学366@Ajin qian zhe xue 366@f(美)叶维尼·凯著@F(Mei)Ye Wei Ni·Kai Zhu@g朱乃长译
210    @a天津@c天津人民出版社@d1997
215    @a366页@d20cm
606 0  @a社会生活
606 0  @a社会问题
690    @aC913.9@v3
701  0 @a凯@4著
702  0 @a朱乃长@Azhu nai chang@4译
801  0 @aCN@bNLC@c19971215
905    @dC913.9@e217@f1@b280473
    
    金钱哲学366/(美)叶维尼·凯著/朱乃长译.-天津:天津人民出版社,1997
    366页;20cm
    
    
    ISBN 7-201-02954-1:CNY22.80
    
●
相关链接 在E读中查询图书 在五车中查询图书 在当当中查询图书 在豆瓣中查询图书


正题名:金钱哲学366     索取号:C913.9/217         预约/预借

序号 登录号 条形码 馆藏地/架位号 状态 备注
1 0280474   002804745   第一借阅区/ [索取号:C913.9/217] 在馆    
2 0280475   002804754   第一借阅区/ [索取号:C913.9/217] 在馆    
唐山师范学院图书馆 欢迎您!
大连网信软件有限公司© 版权所有